Statistics for 10 Most Populated Countries

Click here to take the quiz!

General Stats

  • This quiz has been taken 13 times
  • The average score is 9 of 10

Answers on the Map

Answers color-coded by a green-red scale on the quiz's map according to % correct below.
Loading ...
 

Answer Stats

Answer% Correct
China
100%
India
100%
Nigeria
100%
Brazil
100%
Japan
100%
Mexico'
100%
U.S.A
92%
Russia
92%
Philippines
83%
Bangladesh
75%

Score Distribution

Percentile by Number Answered

Percent of People with Each Score

Your Score History

You have not taken this quiz